000
00329nam a22001457a 4500
008
230127b ||||| |||| 00| 0 eng d
020
_a
12951968
041
_a
eng
080
_2
VOLUME 51
_a
573
082
_a
573MAN
100
_a
17
101
_a
MICR
245
_a
BRITISH MYCOLOGICAL SOCIETY
_c
MANNERS G J
942
_2
udc
_c
BK
999
_c
59289
_d
59289